000
00255nam a2200109Ia 4500
008
190906s9999||||xx |||||||||||||| ||und||
100
_a
Abdul Maalik Mujahid
245
0
_a
Sunharay Aouraq
260
_a
Lahore
_b
Darussalam
_c
1996
300
_a
376
942
_c
BK
999
_c
6159
_d
6159